00359 a2200109 4500001001000000005001700010008004100027245007700068100002500145700002400170773005500194ART_1781520260410161700.0260409a 10aRelaciones de causalidad entre la tasa de interés y la base monetaria.1 aLeone, Alfredo Mario1 aDueñas, Daniel E.0 tEnsayos Económicosg- Nº 34 (jun. 1985)wREV620